000 00357nam a2200133Ia 4500
008 231129s9999||||xx |||||||||||||| ||spa||
020 _a968-880-180-1
040 _bspa
082 _a511 R823m
100 _aRoss Kenneth A.
245 0 _aMatematicas discretas
264 _aPrentice-Hall ; Pearson
942 _2ddc
_cBKS
999 _c20770
_d20770